A horcajadas en la luz: la vida en el universo
Guardat en:
| Autor principal: | |
|---|---|
| Format: | Llibre |
| Idioma: | espanyol |
| Publicat: |
Santiago
Zig Zag
1969
|
| Edició: | 2a. ed |
| Col·lecció: | Historia y Documentos
|
| Matèries: | |
| Etiquetes: |
Afegir etiqueta
Sense etiquetes, Sigues el primer a etiquetar aquest registre!
|
MARC
| LEADER | 00000nam a2200000 a 4500 | ||
|---|---|---|---|
| 001 | UCU8458 | ||
| 003 | CL-VaPUC | ||
| 008 | 960726e19690000CL |||||||||||||||||spa|d | ||
| 082 | 0 | 4 | |a 523.1 |b ALD |2 21 |
| 100 | 0 | |a Aldunate Phillips, Arturo |e author |9 367659 | |
| 245 | 1 | 0 | |a A horcajadas en la luz: la vida en el universo |
| 250 | |a 2a. ed | ||
| 300 | |a 277 p | ||
| 942 | |c BK | ||
| 945 | |d 19960726 00:00:00 |a rbrito | ||
| 260 | |a Santiago |b Zig Zag |c 1969 | ||
| 650 | 0 | |a Astronomía |9 260985 | |
| 650 | 0 | |a Cosmología |9 269138 | |
| 650 | 7 | |a SISTEMA SOLAR |2 CL-VaPUC |9 268650 | |
| 650 | 0 | |a Universo |9 266563 | |
| 650 | 0 | |a Espacio |9 336785 | |
| 650 | 0 | |a Galaxias |9 322985 | |
| 650 | 7 | |a PLANETAS |2 CL-VaPUC |9 352277 | |
| 650 | 7 | |a TIERRA |2 CL-VaPUC |9 261538 | |
| 650 | 7 | |a SATELITES |2 CL-VaPUC |9 352279 | |
| 650 | 7 | |a CUERPOS Y SISTEMAS ASTRONOMICOS |2 CL-VaPUC |9 349871 | |
| 650 | 7 | |a MEDICIONES E INSTRUMENTOS ASTRONOMICOS |2 CL-VaPUC |9 367660 | |
| 583 | |a last modification |c 19960726 00:00:00 |k Rodrigo Vera | ||
| 490 | 0 | |a Historia y Documentos | |
| 999 | |c 250765 |d 250763 | ||
| 952 | |0 0 |1 0 |4 0 |6 523_100000000000000_ALD_1969 |7 0 |8 A |9 269255 |a BIBEDU |b BIBEDU |d 2019-11-19 |i 3100812 |o 523.1 ALD 1969 |p 3100812 |r 2019-11-19 |w 2019-11-19 |y BK |k LIT | ||